00819nam a2200193 a 450000100100000000500170001000800410002704000250006808200150009310000390010824501830014726000790033030000170040950400290042670000310045504900090048695201130049599900170060800002931020200930055452.0110414s2004 dr 000 0 spa d aDO-SdBNPbspacBNPHU axxxxbI91m1 aIturralde-Vinent, Manuel A.95619414aLos mamíferos terrestres de las antillas mayores :bnotas sobre la paleografía, biogeografía, irradicaiones y extinciones /cManuel A. Iturralde-Vinent, Ross D. E. MacPhee. aSanto Domingo :bAcademia de Ciencias de la República Dominicana,c2004. a30 p. :bil. aBibligrafía : p. 25-301 aMacPhee, Ross D. E.956195 aBNPD 0010718PDaPDbPDcCTd2011-04-14iLF1l0oxxxx I91mp29310-10r2020-06-25w2020-06-25yLFPDZNo se presta c28802d28802